00873nam a22002057a 450000500170000000800400001702000150005705000210007210000220009324502350011525000280035026000450037830000390042349000570046250400220051960000360054165000320057765000360060970000220064520150124125818.0131211t sp||||| |||| 00| 0 esp d a847658229304aB 3148bU73 19901 aUrdanibia, Javier14aLos Antihegelianos: Kierkegaard y Schopenhauer /cJavier Urdanibia, Cèlia Amorós, Maite Larrauri, Joan B. Llinares, J.M. María torres, Julián Marrades, Antonio Palao, J. M. Pons Juanpere, Julio Quesada, Javier urdanibia.  aPrimera Edición: 1990 aBarcelona, España :bAnthropos,c1990. a286 paginas,c20 X 14 centimetros, aAutores, taxtos y Temas de FilosofíavNúmero: 31 aIncluye: Indices14aSchopenhauer, Arthurd1788-1860 72LembaFilosofíaxHistoria 72LembaFilosofíaxSociología1 aUrdanibia, Javier